Hitch 22 : a memoir
| Main Author: | |
|---|---|
| Format: | Book |
| Published: |
NY :
Twelve ,
2010
|
| Edition: | 1st ed |
| Subjects: |
MARC
| LEADER | 00000cam a2200000 7i4500 | ||
|---|---|---|---|
| 001 | 0000030099 | ||
| 005 | 20110105.0 | ||
| 008 | 110105 | ||
| 020 | |a 0446540339 | ||
| 090 | 0 | 0 | |a 920.073 |b HIT |
| 100 | 1 | |a Hitchens, Christopher | |
| 245 | 1 | 0 | |a Hitch 22 : |b a memoir |c Christopher Hitchens |
| 250 | |a 1st ed | ||
| 260 | |a NY : |b Twelve , |c 2010 | ||
| 650 | 0 | |a Intellectuals |z United States |x Biography | |
| 651 | 0 | |a Hitchens, Christopher | |
| 999 | |a 0001073347 |b Book |c Adult Collection |e Perbadanan Perpustakaan Awam Johor | ||